The central sales tax act, 1956 (act 74 of 1956) together with Central Sales Tax (Registration and Turnover Rules, 1957 (Record no. 220140)

MARC details
000 -LEADER
fixed length control field 00424nam a2200133Ia 4500
008 - FIXED-LENGTH DATA ELEMENTS--GENERAL INFORMATION
fixed length control field 230917s9999||||xx |||||||||||||| ||und||
040 ## - CATALOGING SOURCE
-- 181052
Original cataloging agency VIVEKANANDA LIBRARY
041 ## - Language
-- English
082 ## - DDC NUMBER
Classification number 34:336.27 C333C
245 #4 - TITLE STATEMENT
Title The central sales tax act, 1956 (act 74 of 1956) together with Central Sales Tax (Registration and Turnover Rules, 1957
260 ## - PUBLICATION, DISTRIBUTION, ETC. (IMPRINT)
Place of publication, distribution, etc Lucknow
Name of publisher, distributor, etc Eastern Book Company
Date of publication, distribution, etc 1980
300 ## - PHYSICAL DESCRIPTION
Pages 46 p.
942 ## - ADDED ENTRY ELEMENTS (KOHA)
Koha item type Books
Holdings
Withdrawn status Lost status Damaged status Not for loan Location (home branch) Sublocation or collection (holding branch) Date acquired Koha issues (times borrowed) Koha full call number Accession No. Koha date last seen Koha item type
        VIVEKANANDA LIBRARY VIVEKANANDA LIBRARY 04/03/2011   34:336.27 C333C 85241 17/09/2023 Books
        VIVEKANANDA LIBRARY VIVEKANANDA LIBRARY 04/03/2011   34:336.27 C333C 85242 17/09/2023 Books
        VIVEKANANDA LIBRARY VIVEKANANDA LIBRARY 04/03/2011   34:336.27 C333C 85243 17/09/2023 Books
        VIVEKANANDA LIBRARY VIVEKANANDA LIBRARY 04/03/2011   34:336.27 C333C 85244 17/09/2023 Books
        VIVEKANANDA LIBRARY VIVEKANANDA LIBRARY 04/03/2011   34:336.27 C333C 85245 17/09/2023 Books
© Designed and Maintained by Vivekananda Library, MDU Rohtak